| 000 | 01162nam a2200313 i 4500 | ||
|---|---|---|---|
| 001 | bg | ||
| 003 | KOSZ 005 | ||
| 005 | 20200303120753.0 | ||
| 008 | 071009s1965 pl a g 001 0 pol | ||
| 015 | _aPB 1966/1670 | ||
| 040 |
_aWA N _cKOSZ 005/RW _dKOSZ 005/RW |
||
| 041 | 1 |
_apol _hrus |
|
| 080 | _a14 | ||
| 100 | 1 |
_aOvsânnikov, Mihail Fëdorovič _d(1915-1987). |
|
| 245 | 1 | 0 |
_aFilozofia Hegla / _cMichał S. Owsiannikow ; przeł. z ros. Zbigniew Kuderowicz. |
| 246 | 1 |
_iTyt. oryg.: _aFilosofiâ Gegelâ |
|
| 260 |
_a[Warszawa] : _b"Książka i Wiedza", _c1965. |
||
| 300 |
_a444, [4] s. : _berr. ; _c23 cm. |
||
| 380 | _aKsiążki. | ||
| 504 | _aIndeks. | ||
| 650 | 4 |
_aFilozofia _xhistoria _zNiemcy. _y18-19 w. |
|
| 600 | 1 | 4 |
_aHegel, Georg Wilhelm Friedrich _d(1770-1831). _eAutor |
| 648 | 4 | _a1701-1800 | |
| 648 | 4 | _a1801-1900 | |
| 710 | 2 |
_aSpółdzielnia Wydawniczo-Handlowa "Książka i Wiedza" _4pbl. |
|
| 700 | 1 |
_aKuderowicz, Zbigniew _d(1931-2015) _eTłumaczenie |
|
| 856 |
_uhttp://koha.tu.koszalin.pl/cgi-bin/koha/opac-detail.pl?biblionumber=11305 _yKatalog online BPK |
||
| 942 |
_2UKD _cKS |
||
| 999 |
_c11305 _d11305 |
||